ACC basketball teams - Statistics

General Stats
  • This quiz has been taken 258 times
  • The average score is 13 of 16
Answer Stats
Hint Answer % Correct
Duke
99%
University of North Carolina
95%
Virginia
87%
Clemson
83%
Florida State
82%
North Carolina State
82%
Georgia Tech
79%
Virginia Tech
79%
Wake Forest
79%
Future Member Syracuse
78%
Boston College
76%
Miami
74%
Future Member Notre Dame
72%
Maryland
67%
Future Member Louisville
66%
Future Member Pittsburg
66%
No matching quizzes found
Score Distribution
Percent of People with Each Score
Percentile by Number Answered
Your Score History
You have not taken this quiz